Мир смысла в немногих словах (Запись № 12288160)
[ простой вид ]
| 000 -МАРКЕР | |
|---|---|
| контрольное поле | 02127nam0a2200445 4500 |
| 001 - ИДЕНТИФИКАТОР ЗАПИСИ | |
| контрольное поле | RU\NLR\BIBL_A\012184511 |
| 005 - ИДЕНТИФИКАТОР ВЕРСИИ | |
| контрольное поле | 20230906141827.0 |
| 010 ## - МЕЖДУНАРОДНЫЙ СТАНДАРТНЫЙ НОМЕР КНИГИ (ISBN) | |
| Номер (ISBN) | 978-5-907041-36-3 |
| Тираж | 600 |
| 021 ## - НОМЕР ГОСУДАРСТВЕННОЙ РЕГИСТРАЦИИ | |
| Код страны | Российская Федерация |
| Номер | КН-П-19-096957 |
| Номер Листа государственной регистраци | КН-П-19-7116 |
| 035 ## - ДРУГИЕ СИСТЕМНЫЕ НОМЕРА | |
| Идентификатор записи | (NLR Aleph) 012184511 |
| 035 ## - ДРУГИЕ СИСТЕМНЫЕ НОМЕРА | |
| Идентификатор записи | (RuMoRGB)010202763 |
| 100 ## - ДАННЫЕ ОБЩЕЙ ОБРАБОТКИ | |
| Данные общей обработки | 20200123d2020 k y0rusy50 ca |
| 101 0# - ЯЗЫК РЕСУРСА | |
| Язык текста, звукозаписи и т.д. | русский |
| 102 ## - СТРАНА ПУБЛИКАЦИИ ИЛИ ПРОИЗВОДСТВА | |
| Страна публикации | Российская Федерация |
| 105 ## - ПОЛЕ КОДИРОВАННЫХ ДАННЫХ: ТЕКСТОВЫЕ МАТЕРИАЛЫ, МОНОГРАФИЧЕСКИЕ | |
| Кодированные данные о монографическом текстовом документе | a|||z|||001zb |
| 181 #0 - ПОЛЕ КОДИРОВАННЫХ ДАННЫХ: ВИД СОДЕРЖАНИЯ | |
| Код вида содержания (ISBD) | i |
| Код характеристики содержания (ISBD) | axxe |
| 182 #0 - ПОЛЕ КОДИРОВАННЫХ ДАННЫХ: ТИП СРЕДСТВА | |
| Код типа средства (ISBD) | n - непосредственное |
| 200 1# - ЗАГЛАВИЕ И СВЕДЕНИЯ ОБ ОТВЕТСТВЕННОСТИ | |
| Основное заглавие | Мир смысла в немногих словах |
| Сведения, относящиеся к заглавию | философские взгляды Махмуда Шабистари в контексте эпохи |
| -- | [монография] |
| Первые сведения об ответственности | А. А. Лукашев |
| Последующие сведения об ответственности | [Институт философии Российской академии наук] |
| 203 ## - ВИД СОДЕРЖАНИЯ И ТИП СРЕДСТВА | |
| Вид содержания | Текст |
| Дополнительные сведения об издании | визуальный |
| Тип средства | непосредственный |
| 210 ## - ПУБЛИКАЦИЯ, РАСПРОСТРАНЕНИЕ И ДР. | |
| Место издания, распространения и т.д. | Москва |
| Имя издателя, распространителя и т. д. | ЯСК |
| -- | Садра |
| Дата издания, распространения и т.д. | 2020 [т.е. 2019] |
| 215 ## - ФИЗИЧЕСКАЯ ХАРАКТЕРИСТИКА | |
| Специфическое обозначение материала и объем | 319 с. |
| Другие сведения о физической характеристике | ил., табл. |
| Размеры | 22 |
| 225 1# - СЕРИЯ | |
| Основное заглавие серии | Философская мысль исламского мира |
| Сведения об ответственности | ответственный ред. акад. РАМН А. В. Смирнов |
| Наименование части | Исследования |
| Обозначение тома | т. 11 |
| 300 ## - ОБЩИЕ ПРИМЕЧАНИЯ | |
| Текст примечания | Кн. фактически изд. в 2019 г. |
| 320 ## - ПРИМЕЧАНИЯ О НАЛИЧИИ В ДОКУМЕНТЕ БИБЛИОГРАФИИ / УКАЗАТЕЛЯ | |
| Текст примечания | Библиогр.: с. 293-304, в тексте и в подстроч. примеч. |
| 320 ## - ПРИМЕЧАНИЯ О НАЛИЧИИ В ДОКУМЕНТЕ БИБЛИОГРАФИИ / УКАЗАТЕЛЯ | |
| Текст примечания | Указ. имен: с. 305-311 |
| 320 ## - ПРИМЕЧАНИЯ О НАЛИЧИИ В ДОКУМЕНТЕ БИБЛИОГРАФИИ / УКАЗАТЕЛЯ | |
| Текст примечания | Указ. иностр. терминов: с. 312-319 |
| 333 ## - ПРИМЕЧАНИЯ ОБ ОСОБЕННОСТЯХ РАСПРОСТРАНЕНИЯ И ИСПОЛЬЗОВАНИЯ | |
| Текст примечания | 16+ |
| 600 #1 - ИМЯ ЛИЦА КАК ПРЕДМЕТ | |
| Начальный элемент ввода | Шабустари |
| Часть имени, кроме начального элемента ввода | М. |
| Даты | 1287 - 1320 |
| Расширение инициалов личного имени | Махмуд |
| Тематический подзаголовок | Философские взгляды |
| Системный номер авторитетной/нормативной записи | 2439143 |
| Идентификатор авторитетной/нормативной записи | RU\NLR\AUTH\6601669128 |
| 686 1# - ИНДЕКСЫ ДРУГИХ КЛАССИФИКАЦИЙ | |
| Индекс | Ю3(0)415.1-365 |
| 686 1# - ИНДЕКСЫ ДРУГИХ КЛАССИФИКАЦИЙ | |
| Индекс | Ш5(0)952.311-4Шабустари Махмуд |
| 700 #1 - ИМЯ ЛИЦА - ПЕРВИЧНАЯ ОТВЕТСТВЕННОСТЬ | |
| Начальный элемент ввода | Лукашев |
| Часть имени, кроме начального элемента ввода | А. А. |
| Расширение инициалов личного имени | Андрей Александрович |
| 702 #1 - ИМЯ ЛИЦА - ВТОРИЧНАЯ ОТВЕТСТВЕННОСТЬ | |
| Код отношения | Прочие |
| Графика поля | Кириллица |
| Материалы, к которым относится поле | rus |
| Начальный элемент ввода | Шабустари |
| Часть имени, кроме начального элемента ввода | М. |
| Даты | 1287-1320 |
| Расширение инициалов личного имени | Махмуд |
| Системный номер авторитетной/нормативной записи | 206231 |
| Идентификатор авторитетной/нормативной записи | RU\NLR\AUTH\770206283 |
| 942 ## - ДОПОЛНИТЕЛЬНЫЕ ЭЛЕМЕНТЫ ЗАПИСИ (АБИС) | |
| Тип экземпляра АБИС | Книга |
| 980 ## - КОЛЛЕКЦИЯ | |
| Название коллекции | НБР |
| 980 ## - КОЛЛЕКЦИЯ | |
| Название коллекции | Национальная библиография |
Нет доступных экземпляров.